002660000a220007300045001000025000002450076000253000062001017730029001631 aLauderbaugh, Darlene10aProfile of an expatriate woman : LAM women touching lives in Costa Rica aVol. 78, Num 4 (Octubre-Diciembre, 1998), Páginas 18-190 tLatin America Evangelist